000 00549nam a2200181Ia 4500
008 090630s9999 xx 000 0 und d
082 _b20375
100 _aसोनवणी संजय.
245 _aरक्तराग.
_cसोनवणी संजय.
260 _bपुष्प.
_c1990
300 _a142
600 _aसोनवणी संजय.
630 _aरक्तराग.
655 _aकादंबरी.
700 _aसोनवणी संजय.
730 _aरक्तराग.
942 _cBOOK
999 _c272231
_d272231